000 00978cam a22002891 4500
999 _c8190
_d8190
001 8190
003 BD-JhCC
005 20180219111956.0
008 771017r19461944nyuacf 000 0 eng
035 _a(BD-JhCC)8190
035 _a(OCoLC)3348423
040 _aDLC
_cTxShA
_dOCoLC
_dDLC
_dBD-JhCC
041 _aeng
050 0 0 _aSK305.T5
_bC6 1946
082 0 0 _a799.2774428
_bCOR 1946
100 1 _aCorbett, Jim,
_d1875-1955.
245 1 0 _aMan-eaters of Kumaon,
_cwith an introduction by Sir Maurice Hallett ... and a preface by Lord Linlithgow ...
260 _aNew York
_aBombay,
_bOxford University Press,
_c1946.
300 _avii-xix, 3-235 p.
_billus., plates, port.
_c22 cm.
500 _aAt head of title: Jim Corbett.
500 _aMap on lining-papers.
500 _a"First American edition. First published in India in 1944. Second printing before publication."
650 0 _aTiger.
650 0 _aHunting
_zIndia
_zKumaun.
942 _2ddc
_cBK